Mort subite Les villes de Bretagne - Statistiques

Statistiques générales
  • Ce quiz a été pris 3 859 fois
  • Le résultat moyen est 5 sur 13
Answers on the Grid
Answers color-coded by a green-red scale on the quiz's grid according to % correct below.
Rennes
Honfleur
Pont-Audemer
La Flèche
Saint-Malo
Granville
Le Mont-Saint-Michel
Guérande
Dinard
Sévremoine
Falaise
Bouguenais
Concarneau
Giverny
Beaupréau
Lorient
Dinan
Coutances
Vertou
Bernay
Pornic
Quimper
Couëron
Morlaix
Pont l'Abbé
Dieppe
Cancale
Vire
Rezé
Vitré
Bayeux
Orvault
Saumur
Mordelles
Laval
La Roche-sur-Yon
Caen
Betton
Cholet
Elbeuf
 
Statistiques - réponses
Réponse % Correct
Rennes
96%
Saint-Malo
64%
Lorient
63%
Dinard
50%
Dinan
44%
Quimper
44%
Concarneau
43%
Morlaix
31%
Pont l'Abbé
27%
Vitré
25%
Cancale
23%
Betton
16%
Mordelles
13%
Aucun quiz correspondant
Distribution des résultats
% des personnes avec chaque résultat
Percentile par nombre de réponses
Votre historique - résultats
Vous n’avez pas pris ce quiz